书目信息 |
| 题名: |
大饭店
|
|
| 作者: | 黑利 , Hailey 著 ;杨万 , 林师明 译 | |
| 分册: | ||
| 出版信息: | 上海 上海译文出版社 1981 |
|
| 页数: | 538页 | |
| 开本: | 19cm | |
| 丛书名: | ||
| 单 册: | ||
| 中图分类: | I711.45 , I711.4 | |
| 科图分类: | ||
| 主题词: | 长篇小说--加拿大--现代 | |
| 电子资源: | ||
| ISBN: | ||
| 000 | 00805nam0 2200301 45 | |
| 001 | 1558764953 | |
| 005 | 20150120161952.21 | |
| 010 | @dCNY1.20 | |
| 091 | @aCN@b10188.249 | |
| 100 | @a19950601d1981 em y0chiy0121 ea | |
| 101 | 1 | @achi@ceng |
| 102 | @aCN@b310000 | |
| 105 | @ay z 000ay | |
| 200 | 10 | @a大饭店@Ada fan dian@f(加拿大)黑利(A.Hailey)著@g杨万, 林师明译 |
| 210 | @a上海@c上海译文出版社@d1981 | |
| 215 | @a538页@d19cm | |
| 300 | @a书名原文:Hotel | |
| 510 | 1 | @aHotel@zeng |
| 606 | @a长篇小说@y加拿大@z现代 | |
| 690 | @aI711.45@v3 | |
| 690 | @aI711.4@v4 | |
| 701 | 1 | @a黑利@Ahei li@bA.@4著 |
| 701 | A1 | @aHailey@bA.@4著 |
| 702 | 0 | @a杨万@Ayang wan@4译 |
| 702 | 0 | @a林师明@Alin shi ming@4译 |
| 801 | 0 | @aCN@bTSSF@c20150120 |
| 801 | 2 | @aCN@bNLC |
| 905 | @aZUCC@dI711.4@eJY43 | |
| 大饭店/(加拿大)黑利(A.Hailey)著/杨万, 林师明译.-上海:上海译文出版社,1981 |
| 538页;19cm |
| 书名原文:Hotel |
| ISBN :CNY1.20 |
| ● |
| 相关链接 |
|
|
|
|
正题名:大饭店
索取号:I711.4/JY43
 
预约/预借
| 序号 | 登录号 | 条形码 | 馆藏地/架位号 | 状态 | 备注 |
| 1 | 7850347 | 278503479 | 学院路分馆/ [索取号:I711.4/JY43] | 在馆 |